Karanis revealed : discovering the past and present of a Michigan excavation in Egypt /

محفوظ في:

مؤلفون آخرون: Wilfong, Terry G. (المحرر), Ferrara, Andrew W. S. (المحرر)

التنسيق: كتاب

اللغة: English

منشور في: Ann Arbor, Michigan : Kelsey Museum of Archaeology, 2014.

سلاسل: Kelsey Museum publication ; 7.

الموضوعات:

الوسوم: إضافة وسم

لا توجد وسوم, كن أول من يضع وسما على هذه التسجيلة!

رقم الطلب: DT73 .K33 K377

LEADER 02557nam a22002897a 4500
003 OSt
005 20251209080437.0
008 251209t2014 miua g b 001 0 eng d
020 |a 9780974187396 
040 |c ARCE Library 
043 |a f-ua---  
050 1 4 |a DT73 .K33  |b K377 
245 0 0 |a Karanis revealed :   |b discovering the past and present of a Michigan excavation in Egypt /   |c edited by T.G. Wilfong, with the assistance of Andrew W.S. Ferrara. 
264 1 |a Ann Arbor, Michigan :   |b Kelsey Museum of Archaeology,   |c 2014.  
264 4 |c ©2014. 
300 |a viii, 192 pages :   |b illustrations ;   |c 22 cm.  
490 1 |a Kelsey Museum publication ;   |v 7. 
504 |a Includes bibliographical references and indexes. 
505 0 |a ARCHIVES -- Karanis in the Kelsey Museum Archives / Sebastian Encina -- Notes on Three Archival Sources for the Michigan Karanis Excavations: The Record of Objects Books, the Division Albums, and the "Peterson Manuscript" / T. G. Wilfong -- Silent Movies from the Michigan Expedition to Egypt / T. G. Wilfong -- The Michigan Papyrology Collection and Karanis / Adam P. Hyatt -- Karanis Findspots and Stratigraphy / Thomas Landvatter -- ARTIFACTS -- Karanis Revealed: Artifacts from the Exhibition / Andrew W. S. Ferrara -- RESEARCH -- A Leather Cuirass Discovered at Karanis, Fayum, Egypt from the Late 3rd and Early 4th Centuries AD / Andrew W. S. Ferrara -- Examination and Conservation Treatment of a Roman Leather Cuirass in the Collection of the Kelsey Museum of Archaeology / Claudia Chemello -- A Skeleton from the Michigan Karanis Excavation / Thomas Landvatter -- The Granary C123 Sealings from Karanis / Jennifer Gates-Foster -- A Rediscovered Agricultural Hinterland of Karanis / R. James Cook -- Excavating the Karanis Archives and Finding Magic in the Kelsey Museum / Andrew T. Wilburn -- The Karanis Housing Project: A New Approach to an Old Excavation / Jennifer Gates-Foster -- The Threshold Papyri from Karanis / W. Graham Claytor -- Reconstructing the Contexts of a Greek Musical Papyrus from Karanis / Rebecca A. Sears -- The Sonic Landscape of Karanis: Excavating the Sounds of a Village in Roman Egypt / T.G. Wilfong -- Listening to Karanis: The Mer-Wer Remix Project / John Kannenberg 
650 0 |a Excavations (Archaeology)  |z Egypt  |z Karanis (Extinct city)  
651 0 |a Karanis (Extinct city)  
700 1 |a Wilfong, Terry G.,   |e editor 
700 1 |a Ferrara, Andrew W. S.  |9 29964  |e editor 
830 0 |a Kelsey Museum publication ;   |v 7.  
901 |a reviewed 
942 |c BK  |2 lcc 
999 |c 27925  |d 27925